| 000 | 00706nam a2200229 4500 | ||
|---|---|---|---|
| 003 | DO-SdBNP | ||
| 005 | 20171127102629.0 | ||
| 008 | 171127b 1988 sp a ||||| |||| 00| 0 spa d | ||
| 020 | _a842073117X | ||
| 040 |
_aBPMSU _bspa _cBPMSU |
||
| 092 |
_axxxx _bxxxx |
||
| 100 | 1 | _a Zamorano Díez, Mariano | |
| 245 | 1 | 0 |
_aArgentina II : _brecursos y regiones / _cMariano Zamorano Díez. |
| 260 |
_aMadrid : _bAnaya, _c [1988]. |
||
| 300 |
_a126 p. : _bil. ; _c20 cm. |
||
| 490 | 1 |
_aBiblioteca Iberoamericana _v50 |
|
| 504 | _aBibliografía : p. 126 | ||
| 830 | 0 |
_aBiblioteca Iberoamericana _v50 |
|
| 942 |
_2ddc _cBK |
||
| 945 | _aInventariado 2017/LP | ||
| 956 |
_aLOPEREZ _b10 _c20171127 _h0041 _iBPMSU |
||
| 999 |
_c13109 _d13109 |
||